The ancient Egyptians : religious beliefs and practices /

محفوظ في:

المؤلف الرئيسي: David, A. Rosalie

التنسيق: كتاب

اللغة: English

منشور في: London ; Boston : Routledge & Kegan Paul, 1982.

سلاسل: Library of religious beliefs and practices.

الموضوعات:

الوسوم: إضافة وسم

لا توجد وسوم, كن أول من يضع وسما على هذه التسجيلة!

رقم الطلب: BL2441.2 .D32 1982

LEADER 00976nam a2200289 a 4500
001 rdb01403041
003 OSt
005 20250929080415.0
008 810915s1982 enkaf b 001 0 eng
010 |a 81015733 
020 |a 0710008783 (pbk.) 
040 |c ARCE Library 
043 |a f-ua--- 
050 4 |a BL2441.2 .D32 1982 
100 1 |a David, A. Rosalie,   |q (Ann Rosalie) 
245 1 4 |a The ancient Egyptians :   |b religious beliefs and practices /   |c A. Rosalie David. 
260 |a London ;  |a Boston :  |b Routledge & Kegan Paul,  |c 1982. 
300 |a xvi, 260 p., [8] leaves of plates :  |b ill. ;  |c 22 cm. 
490 1 |a Library of religious beliefs and practices. 
500 |a Digital copy is on the Internet Archive website. 
504 |a Includes bibliographies and index. 
651 0 |a Egypt  |x Religion. 
651 0 |a Egypt  |x Religious life and customs. 
830 0 |a Library of religious beliefs and practices. 
901 |a reviewed 
942 |2 lcc  |c BK 
999 |c 55051  |d 55051